Saint Bernard - All Lyrics - Statistics

General Stats
  • This quiz has been taken 10 times
  • The average score is 147 of 170
Answer Stats
Answer % Correct
a
100%
am
100%
at
100%
barking
100%
be
100%
bernard
100%
common
100%
driveway
100%
fool
100%
got
100%
have
100%
his
100%
I
100%
I'm
100%
in
100%
just
100%
love
100%
me
100%
missed
100%
my
100%
neither
100%
of
100%
on
100%
one
100%
own
100%
patron
100%
pictures
100%
really
100%
remind
100%
said
100%
Saint
100%
saint
100%
saints
100%
sits
100%
so
100%
that
100%
the
100%
there's
100%
thing
100%
things
100%
to
100%
top
100%
up
100%
us
100%
wall
100%
we
100%
when
100%
will
100%
you
100%
about
80%
always
80%
and
80%
because
80%
but
80%
Calvin
80%
deal
80%
dogs
80%
don't
80%
he's
80%
how
80%
howling
80%
hung
80%
it
80%
know
80%
loved
80%
make
80%
might
80%
myself
80%
not
80%
Ohio
80%
thought
80%
told
80%
true
80%
was
80%
who
80%
with
80%
worry
80%
are
60%
best
60%
both
60%
came
60%
catholic
60%
count
60%
dead
60%
end
60%
free
60%
from
60%
God
60%
holy
60%
if
60%
join
60%
kid
60%
liar
60%
little
60%
ranks
60%
satanic
60%
school
60%
songs
60%
spoiled
60%
swear
60%
tell
60%
that's
60%
their
60%
these
60%
they
60%
trying
60%
until
60%
went
60%
what
60%
where
60%
won't
60%
chained
40%
it'll
40%
No matching quizzes found
Score Distribution
Percent of People with Each Score
Percentile by Number Answered
Your Score History
You have not taken this quiz